000 01428cam a22002771i 4500
003 SA-RiAUC
005 20260127123133.0
008 260125s2006 jo g 000 0bara c
040 _aSA-JeALM
_bara
_cSA-RiAUC
_erda
082 0 4 _a239
_qSA-RiAUC
090 _a239
_bم د ن
100 1 _aالمدني، أبوالقيس عبدالعزيز
_eمؤلف.
245 1 2 _aالرحمة المهداة /
_bسيرة سيد المرسلين الهداة
_cتأليف أبوالقيس عبدالعزيز المدني ، نور الإسلام شفيع السلفي . صححه وراجعه محمد لقمان السلفي .
250 _aالطبعة الأولى.
264 1 _aالرياض :
_aمدينة السلام - الهند :
_bدار الداعي للنشر والوزيع،
_bمركز العلامة عبدالعزيز بن باز للدراسات الاسلامية بالهند .
_c2002
300 _a472 صفحة ؛
_c24 سم
336 _aنص
_btxt
_2rdacontent
_3كتاب
337 _aبدون وسيط
_bn
_2rdamedia
338 _aمجلد
_bnc
_2rdacarrier
600 0 7 _aمحمد (صلى الله عليه وسلم)،
_d53 قبل الهجرة-11 هجري
_2aucnm
650 7 _aالسيرة النبوية
_2aucsh
700 1 _aالسلفي، نور الاسلام شفيع
_eمؤلف.
700 _aالسلفي، محمد لقمان
_eمراجع .
942 _2ddc
_cBOOK
_n0
949 _aSA-JeALM
_d260125
_uosman123
_n1
999 _c14180
_d14180